| 000 | 01027nam a2200289 i 4500 | ||
|---|---|---|---|
| 003 | EG-GICUC | ||
| 005 | 20260419122523.0 | ||
| 008 | 260419s1971 sz ||||fr|||| 00| 0 eng d | ||
| 040 |
_aEG-GiCUC _beng _cEG-GiCUC _dEG-GiCUC _erda |
||
| 041 | _aeng | ||
| 082 | 0 | 4 |
_221 _a341.65 _bRE |
| 092 | 0 | 4 | _221 |
| 099 | _aLaw1 11 341.65 RE 1971 | ||
| 245 |
_aReport On The Activity Of The International Committee Of The Red Cross For The Indemnification Of Former Allied Prisoners Of War In Japanese Hands : _bArticle 16 Of The Peace Treaty Of 8 September 1951 Between The Allied Powers And Japan . |
||
| 264 |
_aGENEVA : _bComite International Geneva , _c1971 . |
||
| 300 |
_a39 pages , _c24 cm |
||
| 336 |
_2rda content _atext |
||
| 337 |
_2rda media _aComputer |
||
| 338 |
_2rda carrier _aOnline Resource |
||
| 650 | 1 | _aInternational law | |
| 650 | 1 | _aPrisoners of war | |
| 650 | 1 | _aRed Cross | |
| 651 | 1 | _2qrmak | |
| 856 | 4 | 0 | _uhttps://fll.law.cu.edu.eg/fulltext/bks/B11-05081.pdf |
| 905 | _a60 | ||
| 942 |
_2ddc _cBK _e21 _n0 |
||
| 999 |
_c71897 _d71897 |
||